000 01116cam a2200289 a 4500
001 000019727
005 20200929170122.0
008 790619s1976 cu abh b 000 0dspa d
040 _aDO-SdBNP
_cDLC
_dDLC
_dBNPHU
043 _anwcu---
082 _annnn
_bJ27b
100 1 _aJames, Ariel,
_d1944-
_942188
245 1 0 _aBanes :
_bimperialismo y nación en una plantación azucarera /
_cAriel James ; edición de María Antonieta Juliá.
260 _aLa Habana :
_bCiencias Sociales,
_c1976.
300 _a315 p., [316-351] p. :
_bill., fasc., mapas ;
_c18 cm.
490 1 _aNuestra historia
500 _aAutobiografiado por el autor
504 _aBibliografía: p. 309-315
650 0 _aSugar trade
_zCuba
_zBanes (Holguin{Rpara}
_xHistory.
_942189
650 0 _aPlantations
_zCuba
_zBanes (Holguin{Rpara}
_xHistory.
_942190
650 0 _aInvestments, american
_zCuba
_zBanes (Holguin{Rpara}
_xHistory.
_942191
610 2 0 _aUnited Fruit Company
_xHistory.
_942192
700 1 _aJuliá, María Antonieta,
_eed.
_942193
830 0 _aNuestra historia
_922356
910 _aCatalogación derivada / LC
049 _aBNGR
999 _c19241
_d19241